<The> OECD Jobs Study Facts, Analysis, Strategies
Guardado en:
| Formato: | Libro |
|---|---|
| Lenguaje: | inglés |
| Publicado: |
Paris
OECD
1994
|
| Edición: | 1. ed. |
| Materias: | |
| Etiquetas: |
Sin Etiquetas, Sea el primero en etiquetar este registro!
|
MARC
| LEADER | 00000nam a2200000 4500 | ||
|---|---|---|---|
| 001 | c009758 | ||
| 005 | 20221205140856.9 | ||
| 020 | |a 92-64-14145-6 | ||
| 041 | 0 | |a eng | |
| 044 | |a FR | ||
| 245 | 1 | 0 | |a <The> OECD Jobs Study |b Facts, Analysis, Strategies |
| 250 | |a 1. ed. | ||
| 264 | 1 | |a Paris |b OECD |c 1994 | |
| 300 | |a 50 s. | ||
| 610 | 2 | 0 | |a OECD |
| 610 | 2 | 0 | |a štúdie pracovné |
| 610 | 2 | 0 | |a nezamestnanosť |
| 610 | 2 | 0 | |a analýzy |
| 610 | 2 | 0 | |a stratégia hospodárska |